Right to rent checks (Record no. 84855)

MARC details
000 -LEADER
fixed length control field 01048cab a22002415a 4500
001 - CONTROL NUMBER
control field L159265
008 - FIXED-LENGTH DATA ELEMENTS--GENERAL INFORMATION
fixed length control field 160415e2016 xxk 000 0 eng d
035 ## - SYSTEM CONTROL NUMBER
System control number (Sirsi) u159265
041 0# - LANGUAGE CODE
Language code of text/sound track or separate title eng
100 1# - MAIN ENTRY--PERSONAL NAME
Personal name Shahiean. Oshin
245 00 - TITLE STATEMENT
Title Right to rent checks
Remainder of title Risk of discrimination and breach of data protection?
260 ## - PUBLICATION, DISTRIBUTION, ETC.
Date of publication, distribution, etc. 2016
490 ## - SERIES STATEMENT
Series statement Letting Update Journal
Volume/sequential designation 24(1) April 2016, 16-17(2)
520 ## - SUMMARY, ETC.
Summary, etc. Since 1 February 2016, the Immigration Act 2014 requires landlords and letting agents to check the immigration status of a prospective tenant. Landlords and letting agents should also be aware that they have a duty under the Equality Act 2010 not to discriminate against individuals and to be mindful of data protection rules under the Data protection Act 1998 when storing personal data.
590 ## - LOCAL NOTE (RLIN)
Local note KA
650 24 - SUBJECT ADDED ENTRY--TOPICAL TERM
Topical term or geographic name entry element IMMIGRATION ACT 2014
650 24 - SUBJECT ADDED ENTRY--TOPICAL TERM
Topical term or geographic name entry element RIGHT TO RENT
650 24 - SUBJECT ADDED ENTRY--TOPICAL TERM
Topical term or geographic name entry element EQUALITY ACT 2010
650 24 - SUBJECT ADDED ENTRY--TOPICAL TERM
Topical term or geographic name entry element DATA PROTECTION ACT 1998
651 #4 - SUBJECT ADDED ENTRY--GEOGRAPHIC NAME
Geographic name England
Chronological subdivision 886-
690 ## - LOCAL SUBJECT ADDED ENTRY--TOPICAL TERM (OCLC, RLIN)
Topical term or geographic name as entry element Landlord and tenant
9 (RLIN) 6252
942 ## - ADDED ENTRY ELEMENTS (KOHA)
Suppress in OPAC 0
Holdings
Withdrawn status Lost status Source of classification or shelving scheme Damaged status Not for loan Home library Current library Shelving location Date acquired Total Checkouts Full call number Barcode Date last seen Copy number Price effective from Koha item type
    Dewey Decimal Classification     London London Journal article 15/04/2016   L159265 159265-1001 06/08/2019 1 06/08/2019 Journal article